Manual sobre las reformas al Código Civil: Ley 18.802

Uloženo v:
Podrobná bibliografie
Hlavní autor: Alvarez Cruz, Raúl (Autor)
Médium: Kniha
Jazyk:španělština
Vydáno: Santiago Impresos Ogar 1989
Vydání:1a. ed
Témata:
Tagy: Přidat tag
Žádné tagy, Buďte první, kdo vytvoří štítek k tomuto záznamu!

MARC

LEADER 00000cam a2200000 a 4500
001 UCC4363
003 CL-VaPUC
008 180727e19890000cl |||||||||||||||||spa|d
082 0 4 |a 346.015  |b ALV  |2 21 
100 0 |a Alvarez Cruz, Raúl  |e author  |9 598592 
245 1 0 |a Manual sobre las reformas al Código Civil: Ley 18.802 
250 |a 1a. ed 
300 |a 150 p 
942 |c BK 
945 |d 20180727 12:54:00  |a dcastane 
260 |a Santiago  |b Impresos Ogar  |c 1989 
650 0 |a Código civil  |9 256135 
650 7 |a REFORMAS JUDICIALES  |2 CL-VaPUC  |9 375262 
583 |a last modification  |c 20180727 12:54:00  |k Rodrigo Vera 
999 |c 371915  |d 371913 
952 |0 0  |1 0  |3 erb  |4 0  |6 346_015000000000000_ALV_1989  |7 0  |8 A  |9 489121  |a BIBDER  |b BIBDER  |e Mateluna Arestizabal, Alfredo Sergio  |i 5484987  |o 346.015 ALV 1989  |p 5484987  |r 2023-01-25  |w 2019-11-24  |y BK  |z Catalogado en:20180727  |k DER